One Piece 100 questions sur les Onze Supernovae - Statistiques

Statistiques générales
  • Ce quiz a été pris 576 fois
  • Le résultat moyen est 31 sur 100
Statistiques - réponses
Indice Réponse % Correct
De qui veut-il se venger ? Don Quichotte Doflamingo
90%
Avec qui Kidd fait-il la compétition en prison à Wano ? Monkey D Luffy
89%
Comment se nomme la personne qui l'a sauvé ? Corazon
85%
A Sabaody, combien de poupée vaudou Hawkins possède t-il ? 10
81%
Quel fruit Trafalgar Law a t-il mangé ? Ope Ope no Mi
80%
Quel bras lui manque t-il ? Le gauche
79%
Combien de navires de Big Mom, Kidd coule t-il ? 2
78%
Sur quel île Law laisse t-il son équipage ? Zou
78%
Pour éliminer quel empereur Apoo forme t-il une alliance ? Shanks
77%
Selon lui, à combien s'élève ses chances de succès en cas de fuite face à Kizaru ? 12%
75%
Avec quel équipage forme t-il une alliance ? L'équipage du chapeau de paille
72%
Qui rencontre t-il, souhaitant se suicider, sur une île céleste ? Kaido
69%
Qui l'arrête quand il tente d'assassiner une geisha et o-Toko ? Roronoa Zoro
64%
Quel fruit force t-on Killer à manger ? Un smile
63%
Sur quel île se rend Law pour soigner Luffy après la guerre ? Amazon Lily
61%
D'où est originaire Kidd ? South Blue
60%
De quel couleur est le masque de Killer ? Bleu et blanc
58%
De qui devient-il le subordonné ? Big Mom/ Charlotte Linlin
57%
Qui aveugle Hawkins à Sabaody ? Kizaru/Borsalino
48%
Après la guerre de Marine Ford, par qui se fit-elle capturée ? Marshall D Teach
48%
D'où vient-il ? West Blue
47%
Par qui se fait-il torturé une fois enfermé à Wano? Queen
46%
Quel est son rôle dans son équipage ? Second
46%
A quel âge Law se retrouve seul après la mort de son mentor ? 13ans
45%
Que suffit-il de faire pour ne pas subir de dégâts de son fruit du démon ? Se boucher les oreilles
45%
Contre qui se bat il à Sabaody ? Killer
43%
Avec qui Kidd a un accrochage à Sabaody ? Scratchmen Apoo
42%
Qui dégoute t-elle dans le restaurant ? Capone Bege
41%
A quel tribu appartient-il ? Tribu des Longs-Bras
41%
Par quel Charlotte se fait-il battre ? Charlotte Cracker
40%
A quel unité secrète de la marine appartient en réalité Drake ? SWORD
40%
Sur qui tire t-il dans le dos à Zou ? Pekoms
39%
A qui Capone Bege est-il marié ? Charlotte Chiffon
38%
Qui Killer est-il vu en train de combattre lors de sa première apparition ? Urouge
38%
Qui prend il en "otage" lors de son combat à Onigashima contre Killer ? Kidd
37%
Quel âge a Killer à Sabaody ? 25 ans
36%
De qui parle t-il quand il dit <<même les scélérats passeraient presque pour des humains>> Des dragons célestes
36%
Qui contacte t-il à Wano ? Kobby
36%
Comment est surnommé Urouge ? Le Moine Fou
34%
De quel type est son fruit du démon ? Zoan Antique
33%
Quel est son rôle dans l'équipage de Kaido ? Tobiroppo
31%
Comment se nomme le membre de son équipage pouvant cracher du feu ? Heat
30%
Que peut faire son fruit du démon ? Rajeunir/Vieillir
30%
Qu'utilise Bonney pour faire croire à la mort de Zoro face à un dragon céleste? Du ketchup
29%
Comment se nomme le sous marin de Law ? Le Polar Tang
29%
Quel maladie touche sa ville natale ? Le saturnisme
29%
Quel est son fruit du démon ? Oto Oto no Mi
28%
Qui recueille Drake après s'être échappé de la Bird Cage de Doflamingo ? Tsuru/marine
28%
Comment s'appelle la petite sœur de Law ? Trafalgar Lamy
27%
Quel est son rôle dans l'unité secrète ? Commandant/chef
26%
Pour qui se fit-elle passer afin de sauver Zoro ? Sa petite sœur
26%
Contre quel Charlotte gagne t-il un combat ? Charlotte Snack
25%
Quel plat Bonney commande t-elle dans un restaurant ? Des pizzas
23%
Contre quel équipage l'a t-il perdu ? L'équipage du Roux
23%
Quel est son fruit du démon ? Jiki Jiki no Mi
22%
Comment se nomme l'équipage d'Apoo ?u On-Air
20%
Que fait Apoo lors du festival du feu ? Le DJ
19%
Comment est-il surnommée ? Le Magicien
19%
Quel est son fruit du démon ? Shiro Shiro no Mi
18%
Quel est sa prime après l'ellipse ? 200 000 000 Berrys
17%
Qu'est ce que Kidd ne possède pas sur son visage ? Des sourcils
17%
Comment se nomme leur enfant ? Capone Pets
16%
Quel nom lui donne t-on en tant qu'assassin d'Orochi ? Kamazo l'assassin
16%
En quel espèce de dinosaure Drake peut-il se transformer ? L'Allosaure
16%
Qui prend il en otage pour empêcher Law d'attaquer à Wano ? L'équipage du Heart
16%
Qu'est ce que Law déteste comme aliment ? Le pain/prune séché
15%
Comment se nomme l'équipage de Capone Bege l'équipage du Fire Tank
15%
Quel est sa prime ? 108.000.000 berrys
14%
Quel est sa première prime ? 140 000 000 berrys
14%
En quoi son corps peut-il se transformer ? En instrument de musique
14%
Quel est son fruit du démon ? Wara Wara no Mi
14%
Comment Bege se fait-il appelé par ses membres d'équipage ? Father
13%
Qui met-il en colère à cause de l'êtas de santé de Pekoms ? Nekomamushi
13%
Que donne Queen à Apoo afin de démarrer une chasse envers se dernier ? Un antidote
13%
Que possède Bonney sous son œil droit ? Un piercing
13%
Qui a kidnappé sa femme ? Charlotte Oven
12%
Quel rôle a t-il dans l'équipage de Kaido ? Informateur
12%
Pour qui se fait t-elle passer lors de la rêverie ? Conney
11%
Avec quel membre de son équipage Charlotte Laura se marie t-elle ? Gotti
11%
Comment se nomme l'équipage d'Urouge ? L'Équipage des Moines Dépravés
11%
Quel est la première technique qu'on le voit utiliser ? Repel
11%
De qui X drake est le fils ? X. Barrels/ Diez Barrels
11%
D'où est originaire Urouge ? D'un île céleste
10%
L'équipage de qui se fait décimer par Hawkins ? Barbe Brune
9%
Que lui propose t-il ? De devenir sa femme
9%
Par quelle meute d'animal son équipage se fait-il poursuivre dans le nouveau monde ? Des sangliers
8%
Que renverse un serveur sur un des membres de l'équipage de Basil Hawkins dans un restaurant ? Des spaghettis
8%
Comment se nomme son sabre ? Kikoku
8%
Contre quel subordonné cyborg de Kaido se bat-il sur une île appartenant à ce dernier ? Scotch
8%
Quel était le grade dans la marine de Drake avant sa démission ? Sous-Amiral
8%
A combien s'élève sa prime à Sabaody ? 162 000 000 berrys
7%
Quel est sa première prime ? 198,000,000 Berrys
6%
Sur quelle île accoste t-il une fois dans le nouveau monde ? L'île de Raijin
6%
Ou voit on Bonney pleurer ? Marine Ford
6%
Quel est le plat le moins apprécié par lui et Kidd ? les udon au curry
4%
Quel est sa première prime ? 249.000.000
3%
En quoi peut-il se transformer ? En poupée de paille
3%
Comment son père l'appelait-il ? Dorry
1%
Comment son équipage le surnomme t-il ? Haut-prêtre
1%
Quel est son arme ? un pilier de fer
1%
Aucun quiz correspondant
Distribution des résultats
% des personnes avec chaque résultat
Percentile par nombre de réponses
Votre historique - résultats
Vous n’avez pas pris ce quiz